| 000 | 01549 a2200217 4500 | ||
|---|---|---|---|
| 001 | 54001 | ||
| 005 | 20260407155810.0 | ||
| 008 | 260407a2005 arg spa d | ||
| 003 | AR-UNSa-BCEJYS | ||
| 040 |
_aAR-UNSa-BCEJYS _bspa _cAR-UNSa-BCEJYS |
||
| 080 |
_a32 _xPolítica |
||
| 245 | 1 | 0 | _aLecciones elementales de política |
| 020 | _a978-950-574-044-4 | ||
| 264 | 1 |
_aBuenos Aires : _bEDIAR _c2005 |
|
| 300 |
_a430 p. _c20 cm. |
||
| 505 | _a1. Concepto y ámbito de la política - 2. Política,ética y economía - 3. Mundanidad,sociabilidad y ppoliticidad del hombre - 4. Dinámica y estática sociales - 5. El mando y la obediencia - 6. La Nación - 7. La naturaleza del estado - 8. Lo permanente y lo histórico del estado - 9. Origen y justificación del estado - 10. Estado y derecho - 11. La personalidad del estado - 12. El fin del estado - 13. Las causas y los elementos del estado - 14. La soberanía - 15. Formas de estado y formas de gobierno - 16. Descentralización y federalismo - 17. El poder temporal y el poder espiritual - 18. El estao en el orden internacional - 19. Dinámica estatal y comportamiento político - 20. La opinión pública - 21. Las presiones sobre el poder - 22. Los partidos políticos - 23. El sufragio - 24. La resistencia de la opresión - 25. La ordenación constitucional del estado - 26. Poder constitituyente y supremacía de la constitución - 27. Las situaciones de anormalidad | ||
| 041 | _aspa | ||
| 942 | _cBK | ||
| 590 | _aniveau_biblio:m niveau_hierar:0 | ||
| 100 | 1 | _aBidart Campos, German J. | |
| 999 |
_c5318 _d5318 |
||